| 000 | 00579nam a22001937a 4500 | ||
|---|---|---|---|
| 005 | 20130619125034.0 | ||
| 010 | _aENG-107311 | ||
| 020 |
_a9788183163453 _c900.00 |
||
| 035 | _aEN-90844 | ||
| 037 | _bDBAD/PUB | ||
| 082 | _a530.07 | ||
| 100 | _aVanaja, M. | ||
| 245 |
_aTechniques of teaching physical science / _cby M.Vanaja |
||
| 260 |
_aHyderabad _bNeelkamal Publications _c2012 |
||
| 270 |
_aSultan Bazar _bHyderabad _e500095 |
||
| 300 |
_axi,476p. _c24cm(Hb) |
||
| 500 | _aIncludes bibliographical references and index | ||
| 942 |
_2ddc _cEN _mVAN _h530.07 |
||
| 999 |
_c76229 _d76229 |
||